Welcome to CU Library Online Public Access Catalogue (OPAC)

Dictionary of international trade finance / (Record no. 7239)

MARC details
000 -LEADER
fixed length control field 00674cam a2200217 a 4500
001 - CONTROL NUMBER
control field 14491953
005 - DATE AND TIME OF LATEST TRANSACTION
control field 20250807143239.0
008 - FIXED-LENGTH DATA ELEMENTS--GENERAL INFORMATION
fixed length control field 060810s2001 enk d 000 0 eng
020 ## - INTERNATIONAL STANDARD BOOK NUMBER
International Standard Book Number 0852975767
020 ## - INTERNATIONAL STANDARD BOOK NUMBER
International Standard Book Number 9780852975763
050 00 - LIBRARY OF CONGRESS CALL NUMBER
Classification number HF1373
Item number .H356 2001
082 00 - DEWEY DECIMAL CLASSIFICATION NUMBER
Classification number 337.03
Edition information 22
100 1# - MAIN ENTRY--PERSONAL NAME
Personal name Hammett, Mike.
245 10 - TITLE STATEMENT
Title Dictionary of international trade finance /
Statement of responsibility, etc. Mike Hammett.
260 ## - PUBLICATION, DISTRIBUTION, ETC.
Place of publication, distribution, etc. Canterbury :
Name of publisher, distributor, etc. Financial World,
Date of publication, distribution, etc. c2001.
300 ## - PHYSICAL DESCRIPTION
Extent 266 p. ;
Dimensions 21 cm.
650 #0 - SUBJECT ADDED ENTRY--TOPICAL TERM
Topical term or geographic name entry element International trade
General subdivision Finance
Form subdivision Dictionaries.
650 #0 - SUBJECT ADDED ENTRY--TOPICAL TERM
Topical term or geographic name entry element International finance
Form subdivision Dictionaries.
650 #0 - SUBJECT ADDED ENTRY--TOPICAL TERM
Topical term or geographic name entry element International economic relations
Form subdivision Dictionaries.
942 ## - ADDED ENTRY ELEMENTS (KOHA)
Source of classification or shelving scheme Library of Congress Classification
Koha item type Reference
Suppress in OPAC No
999 ## -
-- 7239
-- 7239
Holdings
Withdrawn status Lost status Source of classification or shelving scheme Damaged status Not for loan Collection Home library Current library Shelving location Date acquired Total checkouts Full call number Barcode Date last seen Copy number Price effective from Koha item type
    Library of Congress Classification     Reference Undergraduate Library (Christ Temple) Undergraduate Library (Christ Temple) General stacks 08/07/2025   HG 3753 HAM ulct00004276 08/07/2025 1 08/07/2025 Reference
© 2023-2024 Copyright: Central University Libraries. All Rights Reserved | Created by: Mahone Tech Office